[Event "IECC TH-T email"]
[Site "IECC email"]
[Date "2000.09.22"]
[Round "?"]
[White "Helbig, Andreas"]
[Black "Giacusa, Sergio Leonel Nicol"]
[Result "1/2-1/2"]
[WhiteElo "1755"]
[BlackElo "1997"]
[PlyCount "118"]
[EventDate "2000.??.??"]
[EventType "match (corr)"]
[EventRounds "2"]
[SourceTitle "Corr 2008"]
[Source "ChessBase"]
[SourceDate "2008.06.24"]
[SourceVersion "1"]
[SourceVersionDate "2008.06.24"]
[SourceQuality "1"]

1. e4 c6 2. d4 d5 3. e5 Bf5 4. c3 e6 5. Be2 c5 6. Nf3 Nc6 7. dxc5 Bxc5 8. 0-0 Qc7 9. b4 Bb6 10. Bf4 Nge7 11. Na3 0-0 12. Nb5 Qb8 13. Nd6 Ng6 14. Qd2 Bg4 15. b5 Nxf4 16. bxc6 Nxe2+ 17. Qxe2 bxc6 18. h3 Bxf3 19. Qxf3 Qd8 20. Qg3 f6 21. c4 fxe5 22. Qxe5 Qf6 23. Qxf6 Rxf6 24. Rac1 Bc7 25. c5 Kf8 26. Rfe1 a5 27. Rb1 Bxd6 28. cxd6 Rd8 29. Rb7 Rxd6 30. Ra7 Rf4 31. Rxa5 Ke7 32. Rc1 d4 33. Rc4 Rf8 34. Ra7+ Kf6 35. Kf1 d3 36. Rc1 c5 37. Rc7 Ra8 38. R7xc5 Rxa2 39. Rd1 Rb6 40. g4 Rbb2 41. Rxd3 Rxf2+ 42. Kg1 Rg2+ 43. Kh1 Rge2 44. Rf3+ Ke7 45. Rc7+ Kd6 46. Rcf7 g5 47. Kg1 Rg2+ 48. Kf1 Rgd2 49. Kg1 h6 50. R7f6 Rg2+ 51. Kf1 Rh2 52. Kg1 Rag2+ 53. Kf1 Rb2 54. Kg1 Rhg2+ 55. Kf1 Kd5 56. Re3 Rh2 57. Kg1 Rbg2+ 58. Kf1 Ra2 59. Kg1 Rhg2+ 1/2-1/2